Enquêter sur la jeunesse : Outils, pratiques d'enquête, analyses (notice n° 1568728)

détails MARC
000 -LEADER
fixed length control field 01390cam a2200145 4500500
005 - DATE AND TIME OF LATEST TRANSACTION
control field 20251214005227.0
041 ## - LANGUAGE CODE
Language code of text/sound track or separate title fre
042 ## - AUTHENTICATION CODE
Authentication code dc
100 10 - MAIN ENTRY--PERSONAL NAME
Personal name Amsellem-Mainguy, Yaëlle
Relator term author
245 00 - TITLE STATEMENT
Title Enquêter sur la jeunesse : Outils, pratiques d'enquête, analyses
260 ## - PUBLICATION, DISTRIBUTION, ETC.
Name of publisher, distributor, etc. Armand Colin,<br/>
Date of publication, distribution, etc. 2018.<br/>
520 ## - SUMMARY, ETC.
Summary, etc. Cet ouvrage a pour objectif de sensibiliser aux méthodes et pratiques des sciences sociales tous ceux qui souhaitent enquêter sur les jeunes pour mieux comprendre la diversité de leurs expériences.Réaliser des entretiens, observer la société, quantifier des phénomènes sociaux, comptent parmi les multiples manières de saisir une part de la réalité vécue par les jeunes, et d’en produire une connaissance scientifique.Autour des trois temps de l’enquête – sa préparation, sa réalisation, et sa restitution – sont proposés des dispositifs méthodologiques, des conseils et des exemples d’enquêtes.L’ouvrage est une invitation à adopter une démarche réflexive tout au long d’un travail de recherche et donne ainsi à réfléchir sur le sens d’une enquête en sciences sociales, sur les enjeux éthiques et politiques du rapport entre enquêteurs et population enquêtée.
700 10 - ADDED ENTRY--PERSONAL NAME
Personal name Vuattoux, Arthur
Relator term author
856 41 - ELECTRONIC LOCATION AND ACCESS
Uniform Resource Identifier <a href="https://shs.cairn.info/enqueter-sur-la-jeunesse--9782200620370?lang=fr&redirect-ssocas=7080">https://shs.cairn.info/enqueter-sur-la-jeunesse--9782200620370?lang=fr&redirect-ssocas=7080</a>

Pas d'exemplaire disponible.

PLUDOC

PLUDOC est la plateforme unique et centralisée de gestion des bibliothèques physiques et numériques de Guinée administré par le CEDUST. Elle est la plus grande base de données de ressources documentaires pour les Étudiants, Enseignants chercheurs et Chercheurs de Guinée.

Adresse

627 919 101/664 919 101

25 boulevard du commerce
Kaloum, Conakry, Guinée

Réseaux sociaux

Powered by Netsen Group @ 2025